Connect 4. (WT. 460.4 g)
Record details
- Physical Description: 1 game (2 legs, slider bar, 20 red discs, 20 yellow discs) : plastic, cardboard, color ; in 24 x 24 x 4 cm cardboard box
- Publisher: Pawtucket, RI : Hasbro, ©2016.
Content descriptions
| General Note: | For two players. WT. 460.4 g |
| Language Note: | Instructions in English. |
Search for related items by subject
| Subject: | Games. |
| Genre: | Puzzles and games. |
Available copies
- 1 of 1 copy available at scottsboropl.
Holds
- 0 current holds with 1 total copy.
Show Only Available Copies
| Location | Call Number / Copy Notes | Barcode | Shelving Location | Status | Due Date |
|---|---|---|---|---|---|
| scottsboropl | J REA Con | 32269001062242 | Juvenile - Games | Available | - |
| LDR | 01224nrm a2200289Ii 4500 | ||
|---|---|---|---|
| 001 | 147141 | ||
| 003 | SBPL | ||
| 005 | 20220718190916.0 | ||
| 008 | 171211s2016 riunnn rneng d | ||
| 024 | 1 | . | ‡a630509629442 |
| 035 | . | ‡a(CONS)147141 | |
| 035 | . | ‡a(CPomAG)LMN606221 | |
| 050 | 1 | 4. | ‡aGV1469.C65 ‡b.C66 2016 |
| 245 | 0 | 0. | ‡aConnect 4. (WT. 460.4 g) |
| 246 | 3 | . | ‡aConnect four |
| 260 | . | ‡aPawtucket, RI : ‡bHasbro, ‡c©2016. | |
| 300 | . | ‡a1 game (2 legs, slider bar, 20 red discs, 20 yellow discs) : ‡bplastic, cardboard, color ; ‡cin 24 x 24 x 4 cm cardboard box | |
| 336 | . | ‡atactile three-dimensional form ‡btcf ‡2rdacontent | |
| 337 | . | ‡aunmediated ‡bn ‡2rdamedia | |
| 338 | . | ‡aobject ‡bnr ‡2rdacarrier | |
| 500 | . | ‡aFor two players. | |
| 500 | . | ‡aWT. 460.4 g | |
| 546 | . | ‡aInstructions in English. | |
| 650 | 0. | ‡aGames. | |
| 655 | 7. | ‡aPuzzles and games. ‡2lcgft | |
| 914 | . | ‡aSCP_kt | |
| 959 | . | ‡i32269001062242 ‡lREA Con ‡aSTEM - Lab ‡tRealia ‡g15.00 ‡cItem must be checked out at the front desk. ‡dVerify 42 discs (red and yellow), 2 legs, 1 slider, 1 grid, 1 booklet. | |
| 852 | . | ‡p32269001062242 ‡jREA Con ‡gSTEM - Lab ‡cRealia ‡y15.00 ‡bSBPL | |
| 901 | . | ‡a147141 ‡bUnknown ‡c147141 ‡tbiblio | |